MDQL
is popping MORE tags! Check the
thread
!
Quizzes
Events
Quiz Creation
Community
Videos
Private Events
Remove Ads
Sign In
Join for FREE
Feedback
Dark Mode
Quiz Categories
Sports
Geography
Music
Movies
Television
Just For Fun
Miscellaneous
History
Literature
Language
Science
Gaming
Entertainment
Religion
Holiday
For Kids
Quiz Lab
Recent
Popular Today
Quiz Kudos Today
Editor Picks
Curator Picks
Quizzes by...
Day
Popularity
Type
Ratings
Length
Year
Community
Subscriptions
Recent Discussions
Orange Saloon
Badges
Playlists
Quests
Create
Leaderboards
Showdown
Live 5
Trivia Bingo
Activity
Puzzle Library
Sporcle Events
Private Events
Virtual Trivia
Globe League
Become a Host
Pub Owners
SporcleCon
Opinionation
Our Games
Videos
Blog
Mobile Apps
Partnerships
Remove Ads and Go Orange
Feedback
Sports
Athletes
MLB
NBA
NHL
NFL
Soccer
Sports Teams
WWE
NCAA
Football
Premier League
Basketball
Baseball
Hockey
Golf
Tennis
Cricket
Rugby
Auto Racing
Olympics
World Cup
Sports
Athletes
MLB
NBA
NHL
NFL
Soccer
Sports Teams
WWE
NCAA
Football
Premier League
Basketball
Baseball
Hockey
Golf
Tennis
Cricket
Rugby
Auto Racing
Olympics
World Cup
Random Quiz
Search Sporcle
×
Quiz Lab
Quiz Lab
Sports
Toronto Maple Leafs
Type in answers that appear in a list
Type in answers that appear in a list
Classic
Best Score? Go Orange.
Toronto Maple Leafs 30-Goal Scorers Stats
Can you name the Toronto Maple Leafs 30-goal scorers?
By
kmad
15m
112 Questions
1,258 Plays
1,258 Plays
1,258 Plays
Comments
Comments
Give Quiz Kudos
Give Quiz Kudos
-
- Ratings
hide this ad
More Info
Replay
Link that replays current quiz
Next Quiz
Link to next quiz in quiz playlist
You Got
0%
They Got
Avg Score
58%
Avg Friend Score
Upgrade to see
Score Distribution
Jump to the score distribution portion of the page
Score
0/112
Timer
15:00
0
Plays Today
Season
Player
% Correct
2016-
17
Auston Matthews
99.4%
2017-
18
Auston Matthews
99.4%
2018-
19
Auston Matthews
99.4%
2019-
20
Auston Matthews
99.4%
2020-
21
Auston Matthews
99.4%
2021-
22
Auston Matthews
99.4%
2022-
23
Auston Matthews
99.2%
2022-
23
Mitch Marner
98.4%
2021-
22
Mitch Marner
98.2%
1995-
96
Mats Sundin
95.4%
1996-
97
Mats Sundin
95.4%
1997-
98
Mats Sundin
95.4%
1998-
99
Mats Sundin
95.4%
1999-
00
Mats Sundin
95.4%
2001-
02
Mats Sundin
95.4%
2002-
03
Mats Sundin
95.4%
2003-
04
Mats Sundin
95.4%
2005-
06
Mats Sundin
95.4%
2007-
08
Mats Sundin
95.4%
2022-
23
John Tavares
94.9%
2018-
19
John Tavares
94.8%
2019-
20
William Nylander
92.4%
2021-
22
William Nylander
92.4%
2022-
23
William Nylander
91.8%
2013-
14
Phil Kessel
89.3%
2009-
10
Phil Kessel
89.2%
2010-
11
Phil Kessel
89.2%
1973-
74
Darryl Sittler
88.3%
1974-
75
Darryl Sittler
88.3%
1979-
80
Darryl Sittler
88.3%
1975-
76
Darryl Sittler
88.3%
1976-
77
Darryl Sittler
88.3%
1977-
78
Darryl Sittler
88.3%
1978-
79
Darryl Sittler
88.3%
1980-
81
Darryl Sittler
88.3%
1992-
93
Doug Gilmour
87.6%
1995-
96
Doug Gilmour
87.6%
1985-
86
Wendel Clark
83.9%
Season
Player
% Correct
1986-
87
Wendel Clark
83.9%
1993-
94
Wendel Clark
83.9%
1996-
97
Wendel Clark
83.9%
1980-
81
Rick Vaive
81.1%
1981-
82
Rick Vaive
81.1%
1982-
83
Rick Vaive
81.1%
1983-
84
Rick Vaive
81.1%
1984-
85
Rick Vaive
81.1%
1985-
86
Rick Vaive
81.1%
1986-
87
Rick Vaive
81.1%
1969-
70
Dave Keon
77.3%
1970-
71
Dave Keon
77.3%
1972-
73
Dave Keon
77.3%
1993-
94
Dave Andreychuk
74.6%
2016-
17
Nazem Kadri
74.2%
2017-
18
Nazem Kadri
74.2%
1960-
61
Frank Mahovlich
72.3%
1961-
62
Frank Mahovlich
72.3%
1962-
63
Frank Mahovlich
72.3%
1965-
66
Frank Mahovlich
72.3%
1975-
76
Lanny McDonald
72.2%
1976-
77
Lanny McDonald
72.2%
1977-
78
Lanny McDonald
72.2%
1978-
79
Lanny McDonald
72.2%
2002-
03
Alexander Mogilny
69.5%
1987-
88
Gary Leeman
65.7%
1988-
89
Gary Leeman
65.7%
1989-
90
Gary Leeman
65.7%
1930-
31
Charlie Conacher
56.8%
1931-
32
Charlie Conacher
56.8%
1933-
34
Charlie Conacher
56.8%
1934-
35
Charlie Conacher
56.8%
1989-
90
Vincent Damphousse
55.1%
1986-
87
Steve Thomas
51.5%
1981-
82
John Anderson
50.8%
1982-
83
John Anderson
50.8%
1983-
84
John Anderson
50.8%
1984-
85
John Anderson
50.8%
Season
Player
% Correct
1968-
69
Norm Ullman
49.8%
1970-
71
Norm Ullman
49.8%
1987-
88
Ed Olczyk
49%
1988-
89
Ed Olczyk
49%
1989-
90
Ed Olczyk
49%
1998-
99
Sergei Berezin
48.5%
2010-
11
Nikolai Kulemin
48.3%
1969-
70
Ron Ellis
46.1%
1974-
75
Ron Ellis
46.1%
1950-
51
Sid Smith
45.8%
1954-
55
Sid Smith
45.8%
1995-
96
Mike Gartner
45.8%
1980-
81
Wilf Paiement
42.1%
1980-
81
Bill Derlago
40.5%
1981-
82
Bill Derlago
40.5%
1983-
84
Bill Derlago
40.5%
1984-
85
Bill Derlago
40.5%
1920-
21
Babe Dye
39.6%
1921-
22
Babe Dye
39.6%
1924-
25
Babe Dye
39.6%
1970-
71
Paul Henderson
37.4%
1971-
72
Paul Henderson
37.4%
1975-
76
Errol Thompson
36%
1992-
93
Nikolai Borschevsky
33.9%
1985-
86
Miroslav Frycer
33.7%
2013-
14
James van Riemsdyk
33.6%
2017-
18
James van Riemsdyk
33.6%
1988-
89
Daniel Marois
30.9%
1989-
90
Daniel Marois
30.9%
1972-
73
Rick Kehoe
30.3%
1985-
86
Tom Fergus
29.5%
1945-
46
Gaye Stewart
27.7%
1950-
51
Tod Sloan
22.4%
1955-
56
Tod Sloan
22.4%
1967-
68
Mike Walton
19.8%
1943-
44
Lorne Carr
17.7%
Quiz Playlist
Details
Report
Send in Message
Add To Playlist
More Info:
Asterisk (*) indicates active player. Also includes Toronto St. Pats. Updated 6/03/2023
Classic:
Type in answers that appear in a list
Last Updated: Jun 3, 2023
Quiz Scoreboard
CHALLENGE
Sign Up to Join the Scoreboard
Show All
Scores
Hide
Comments
May contain spoilers
Recently Published
Two Season TV Shows II
by 123Four
Television
10m
Image Sorting: Flags VI
by Barbecue
Geography
2m
Find the 'City' Movie
by crazypaving
Movies
60s
More to Explore
Quiz From the Vault
Featured Blog Post
14 Easter Pick-up Lines to Find Eggs With
hide this ad
You Might Also Like...
Tags
30-Goal
goal
leaf
maple
Player
Scorer
season
toronto
Toronto Maple Leafs
Today's Top Quizzes in Sports
Browse Sports
hide this ad
Today's Top Quizzes in Toronto Maple Leafs
Browse Toronto Maple Leafs
Top Contributed Quizzes in Sports
1
Les meilleurs buteurs des matchs entre le PSG et l’OM
2
Les entraîneurs de l'OM et du PSG au 21e siècle
3
2022 World Cup Stars
4
Les joueurs passés par le PSG et l'OM
5
Players with Multiple 50 Home Run Seasons
6
FIFA Club World Cup Champions
7
Criteria MLB: Left Handed Sluggers
8
Les joueurs passés par le LOSC et le RC Lens
9
Top 10 NHL Goal Scorers of All Time
10
MLB Players with Two .350 Batting Average Seasons
Explore More
Trending Topics
Harry Potter
Crossword
Kpop
Anime
Marvel
NBA
Disney
Song
The Office
Country
Pokémon
Soccer
Puzzle
NFL
WWE
hide this ad
More By:
kmad
Quiz
Plays
Rating
Category
Featured
Created
NHL Top 200 Goal Scorers (Career)
185,090
4.60
Sports
Jan 3, 2010
NHL 60 Goals In a Season
69,355
4.67
Sports
Oct 16, 2009
40 Goal NHL Seasons, 00s-10s
68,093
4.59
Sports
Oct 5, 2010
NHL Hart Trophy Votes, '00s & '10s
49,672
4.45
Sports
Nov 22, 2009
NHL Most Points per Position/Team
28,107
4.45
Sports
Dec 23, 2011
Go to Creator's Profile
Score Distribution
Quiz Creator Spotlight
kmad
Follow
Send a Message
Quizzes Created
-
Created Quiz Play Count
-
More By This Creator
Popular Quizzes Today
1
Find the US States - No Outlines Minefield
2
Colored Red Africa Blitz
3
Find the 'City' Movie
4
5x2 Blitz: Bands
5
The Countries of the World
6
Find the Countries of Europe - No Outlines Minefield
7
Find the US States
8
US States
More Sports Quizzes
100 Best Football Players All Time
Quiz Lab
Trending Quizzes
Colored Red Europe Blitz I
Colored Red Africa Blitz II
Colored Red Europe Blitz II
Colored Red Africa Blitz III
Colored Red Europe Blitz III
Recently Updated
How Do You Spell That?
pecheneg
Godzilla Movies
pecheneg
Grab Bag: 4-10 Letters
pecheneg
2024 March Madness Bracket
pecheneg
Famous TV Couples
Peacemaker
Champions League XIs: Real Madrid
pecheneg
Largest US Cities 1790-2010
pecheneg
Rides in Walt Disney World
pecheneg
Most Oscar Losses (Acting)
pecheneg
Beyoncé Albums
pecheneg
Trending Topics
Crossword
Kpop
Marvel
Anime
NBA
Disney
Harry Potter
Puzzle
Song
The Office
WWE
Pokémon
Country
Soccer
NFL
Your Account Isn't Verified!
In order to create a playlist on Sporcle, you need to verify the email address you used during registration. Go to your
Sporcle Settings
to finish the process.
Report this User
Report this user for behavior that violates our
Community Guidelines
.
Details:
Send Report
Go to the Sporcle.com Mobile Site →
Comments